00981nam a2200289 i 45000010005000000030009000050050017000140080039000310150017000700400048000870460009001350800011001440800011001551000040001662450070002062600033002763000033003093800017003423880014003595040024003735210086003976580031004836500026005146500022005407100032005628560097005947792KOSZ 00520191014102952.0080821s1966 pl a f 000 0 pol aPB 1966/3337 aWA NcKOSZ 005/RWdKOSZ 005/RWdKOSZ 005/HR k1966 a624.04 a624.071 aAndermann, Feliksd(1927- ).eAutor10aTarcze prostokątne :bobliczenia statyczne /cFeliks Andermann. aWarszawa :b"Arkady",c1966. a263, [1] s. :bil. ;c25 cm. aKsiążki. a1901-2000 aBibliogr. s. [264].8 aDla inżynierów-projektantów i studentów wyższych szkół technicznych. aArchitektura i budownictwo 4aKonstrukcje budowlane 4aStatyka budowlana2 aWydawnictwo "Arkady".4pbl. uhttp://koha.tu.koszalin.pl/cgi-bin/koha/opac-detail.pl?biblionumber=7792yKatalog online BPK